Cocinar conservando (Registro nro. 17665)

Detalles MARC
000 -CABECERA
Campo de control 01076nac a22002537a 4500
005 - FECHA Y HORA DE LA ULTIMA TRANSACCION
Campo de control 20150811161741.0
008 - ELEMENTOS DE LONGITUD FIJA—INFORMACION GENERAL
Campo de control 150811b2014 ck |||||r|||| 00| 0 spa d
040 ## - FUENTE DE CATALOGACIÓN
Agencia catalogadora original CO-BoIAVH
Agencia transcriptora CO-BoIAVH
041 0# - IDIOMA
Código de idioma para texto/pista de sonido o título separado Español
044 ## - PAÍS DE PUBLICACIÓN
País de publicación Colombia
090 ## - CLASIFICACIÓN LOCAL
Colección EA-
Consecutivo 304
100 1# - ASIENTO PRINCIPAL--NOMBRE PERSONAL
Nombre personal Rentería Maturana, Elmer
9 (RLIN) 36744
245 1# - MENCION DE TITULO
Título Cocinar conservando
Parte restante del título manual para la construcción de fogones ahorraleña
260 3# - PUBLICACION, DISTRIBUCION, ETC. (PIE DE IMPRENTA)
Lugar de publicación, distribución, etc. Bogotá (Colombia):
Nombre del editor, distribuidor, etc. Fundación MarViva,
Fecha de publicación, distribución, etc. 2014.
300 ## - DESCRIPCION FISICA
Extensión 28 cm.
Otros detalles físicos fotografías, color.
Dimensiones 21 cm.
490 ## - MENCION DE SERIE
Mención de serie Proyecto Incentivos a la Conservación, caso piloto Pacífico
505 ## - NOTA DE CONTENIDO
Nota de contenido Materiales y herramientas para construir el fogón ahorraleña.<br/>El paso a paso para construir un fogón ahorraleña.<br/>Recomendaciones de uso y cuidado del fogón.
650 #6 - ASIENTO SECUNDARIO DE MATERIA - TERMINO TEMATICO
Término temático o nombre geográfico como elemento de entrada Conservación de ecosistemas
Subdivisión de forma Manual
9 (RLIN) 36751
650 #6 - ASIENTO SECUNDARIO DE MATERIA - TERMINO TEMATICO
Término temático o nombre geográfico como elemento de entrada Producto forestal
Subdivisión de forma Manual
Subdivisión general Conservación
9 (RLIN) 36752
650 #6 - ASIENTO SECUNDARIO DE MATERIA - TERMINO TEMATICO
Término temático o nombre geográfico como elemento de entrada Materiales de construcción
Subdivisión de forma Manual
Subdivisión general Fogón
9 (RLIN) 36753
700 1# - ASIENTO SECUNDARIO - NOMBRE PERSONAL
Nombre personal Murillo Palacios, Jorge Enrique
9 (RLIN) 36754
700 1# - ASIENTO SECUNDARIO - NOMBRE PERSONAL
Nombre personal Tavera Escobar, Héctor A.
9 (RLIN) 22907
942 ## - ELEMENTOS ADICIONALES (KOHA)
Sistema de clasificación Local
Tipo de ítem Folleto
Existencias
Withdrawn status Lost status Sistema de Clasificación Damaged status No para préstamo Colección Inventariado Ubicación Permanente Ubicación actual Fecha de adquisición Total Checkouts Número topográfico Inventario / Código de Barras Date last seen Ejemplar Price effective from Forma de adquisición Tipo de material
    Local     Educación Ambiental Inventariado 2017 Sala Fabio Quevedo Sala Fabio Quevedo 11/08/2015   EA-304 038946 11/08/2015 Ej. 1 11/08/2015   Folleto